Welcome to the Holygrace Academy Library

Please use search bar below to get started

UNNINILAVU (Record no. 7659)

MARC details
000 -LEADER
fixed length control field 00209nam a22000977a 4500
082 ## - DEWEY DECIMAL CLASSIFICATION NUMBER
Classification number 894.812.3
Item number NAR/U
100 ## - MAIN ENTRY--AUTHOR NAME
Personal name PAKOTTU, NARAYANA PILLA
245 ## - TITLE STATEMENT
Title UNNINILAVU
650 ## - SUBJECT ADDED ENTRY--TOPICAL TERM
Topical Term MALAYALAM STORY BOOK
942 ## - ADDED ENTRY ELEMENTS (KOHA)
Koha item type Books
Holdings
Withdrawn status Lost status Collection code Home library Current library Date acquired Source of acquisition Full call number Accession Number Koha item type
Withdrawn Damaged Item Fiction Main Library Main Library 08/01/2005 purchase 894.812.3 NAR/U 01067 Books